Joint mobilization/manipulation : (رقم التسجيلة. 31440)
[ عرض عادي ]
| 000 -الفاتح | |
|---|---|
| حقل البيانات ثابتة الطول | 01902cam a22004814a 4500 |
| 001 - رقم الضبط | |
| رقم الضبط | 14306817 |
| 003 - محدد رقم الضبط | |
| رقم الضبط | OSt |
| 005 - وقت وتاريخ اخر تعامل مع التسجيلة | |
| رقم الضبط | 20150408114144.0 |
| 007 - الحقل الثابت للوصف المادى- معلومات عامة | |
| حقل البيانات ثابتة الطول | co ugu|||||||| |
| 008 - عناصر البيانات ثابتة الطول - معلومات عامة | |
| حقل البيانات ثابتة الطول | 060320s2006 moua b 001 0 eng |
| 010 ## - رقم ضبط مكتبة الكونجرس | |
| رقم ضبط مكتبة الكونجرس | 2006044895 |
| 015 ## - رقم الببليوجرافية الوطنية | |
| رقم الببليوجرافية الوطنية | GBA647657 |
| المصدر | bnb |
| 016 7# - رقم ضبط الوكاله الوطنية للضبط الببليوجرافي | |
| رقم ضبط التسجيلة | 101272531 |
| المصدر | DNLM |
| 016 7# - رقم ضبط الوكاله الوطنية للضبط الببليوجرافي | |
| رقم ضبط التسجيلة | 013469873 |
| المصدر | Uk |
| 020 ## - الرقم الدولى المعيارى للكتب | |
| الرقم الدولى المعيارى للكتاب | 0323027261 (alk. paper) |
| 020 ## - الرقم الدولى المعيارى للكتب | |
| الرقم الدولى المعيارى للكتاب | 9780323027267 (alk. paper) |
| 035 ## - رقم ضبط النظام | |
| رقم ضبط النظام | (OCoLC)ocm65361271 |
| 035 ## - رقم ضبط النظام | |
| رقم ضبط النظام | (OCoLC)65361271 |
| رقم الضبط الملغى والمتاح | (OCoLC)69022045 |
| -- | (OCoLC)70217888 |
| 040 ## - مصدر الفهرسة | |
| وكالة الفهرسة الأصلية | DLC |
| وكالة النسخ | DLC |
| وكالة التعديل | NLM |
| -- | BAKER |
| -- | UKM |
| -- | C#P |
| -- | YDXCP |
| -- | LVB |
| -- | DLC |
| 042 ## - رمز التحقق | |
| رمز التحقق | pcc |
| 050 00 - رقم طلب مكتبة الكونجرس | |
| رقم التصنيف | RD736.M25 |
| رقم المادة | E35 2006 |
| 060 00 - رقم الطلب بالمكتبة الطبية الوطنية | |
| رقم التصنيف | 2006 H-342 |
| 060 10 - رقم الطلب بالمكتبة الطبية الوطنية | |
| رقم التصنيف | WB 535 |
| رقم المادة | E24j 2006 |
| 082 00 - رقم تصنيف ديوى العشرى | |
| رقم التصنيف | 615.82 |
| رقم الطبعة | 22 |
| رقم المادة | ESJ |
| 100 1# - المدخل الرئيسى - إسم شخصى | |
| الإسم الشخصى | Edmond, Susan L. |
| 9 (RLIN) | 38189 |
| 245 10 - بيان العنوان | |
| العنوان | Joint mobilization/manipulation : |
| بقية العنوان | extremity and spinal techniques / |
| بيان المسئوليه,etc | Susan L. Edmond. |
| 246 3# - العنوان الموازى | |
| عنوان صحيح/عنوان مختصر | Joint mobilization manipulation |
| 250 ## - بيان الطبعة | |
| بيان الطبعة | 2nd ed. |
| 260 ## - PUBLICATION, DISTRIBUTION, ETC. (IMPRINT) | |
| مكان الناشر او الموزع | St. Louis : |
| اسم الناشر او الموزع | Mosby Elsevier, |
| تاريخ النشر أو التوزيع | c2006. |
| 300 ## - الوصف المادى | |
| التعداد | xi, 347 p. : |
| تفاصيل ماديه اخرى للوعاء | ill. ; |
| أبعاد الوعاء | 28 cm. + |
| المادة المصاحبة | 1 CD-ROM (4 3/4 in.) |
| 500 ## - تبصرة عامة | |
| تبصرة عامة | Rev. ed. of: Manipulation and mobilization / Susan L. Edmond. c1993. |
| 504 ## - تبصرة ببليوجرافية | |
| تبصرة ببليوجرافية,الخ | Includes bibliographical references and index. |
| 650 #0 - المدخل الاضافى بالموضوع-مصطلح موضوعى | |
| مصطلح موضوعي أو اسم جغرافي كعنصر مدخل | Manipulation (Therapeutics) |
| 9 (RLIN) | 10217 |
| 650 #0 - المدخل الاضافى بالموضوع-مصطلح موضوعى | |
| مصطلح موضوعي أو اسم جغرافي كعنصر مدخل | Extremities (Anatomy) |
| التقسيم الفرعي العام | Diseases |
| -- | Physical therapy. |
| 9 (RLIN) | 38190 |
| 650 #0 - المدخل الاضافى بالموضوع-مصطلح موضوعى | |
| مصطلح موضوعي أو اسم جغرافي كعنصر مدخل | Spine |
| التقسيم الفرعي العام | Diseases |
| -- | Physical therapy. |
| 9 (RLIN) | 38191 |
| 650 12 - المدخل الاضافى بالموضوع-مصطلح موضوعى | |
| مصطلح موضوعي أو اسم جغرافي كعنصر مدخل | Manipulation, Orthopedic. |
| 9 (RLIN) | 14331 |
| 650 22 - المدخل الاضافى بالموضوع-مصطلح موضوعى | |
| مصطلح موضوعي أو اسم جغرافي كعنصر مدخل | Manipulation, Spinal. |
| 9 (RLIN) | 10840 |
| 700 1# - المدخل الاضافى - اسم شخصى | |
| الإسم الشخصى | Edmond, Susan L. |
| عنوان العمل | Manipulation and mobilization. |
| 9 (RLIN) | 38192 |
| 856 41 - الوصول و الموقع الالكترونى | |
| مواد محددة | Table of contents only |
| معرف المصدر الموحد | <a href="http://www.loc.gov/catdir/toc/fy0715/2006044895.html">http://www.loc.gov/catdir/toc/fy0715/2006044895.html</a> |
| 906 ## - عنصر بيانات محلى F, LDF (RLIN) | |
| a | 7 |
| b | cbc |
| c | orignew |
| d | 1 |
| e | ocip |
| f | 20 |
| g | y-gencatlg |
| 942 ## - عناصر المدخل الإضافي( كوها) | |
| مصدر التصنيف او مخطط الترفيف | Dewey Decimal Classification |
| Koha [default] item type | DVD |
| حالة الفقد | نموذج السعر الفعال | حالة تلف | ليس للاعارة | رقم الطلب | تاريخ الاكتساب | الموقع الحالي | الباركود | الفرع الرئيسي | Date last seen | نوع المادة فى نظام كوها | مصدر التصنيف او خطة الترفيف | Total Checkouts | Date last checked out |
|---|---|---|---|---|---|---|---|---|---|---|---|---|---|
| 2013-10-26 | 615.82 ESJ | 2013-10-26 | المكتبة المركزية بالمجمعة (CL) | 00401889 | المكتبة المركزية بالمجمعة (CL) | 2013-10-26 | كتاب | Dewey Decimal Classification | |||||
| 2013-10-26 | 615.82 ESJ | 2013-10-26 | المكتبة المركزية بالمجمعة (CL) | 00401890 | المكتبة المركزية بالمجمعة (CL) | 2018-05-20 | كتاب | Dewey Decimal Classification | 1 | 2017-06-08 | |||
| 2013-10-26 | 615.82 ESJ | 2013-10-26 | المكتبة المركزية بالمجمعة (CL) | 00401891 | المكتبة المركزية بالمجمعة (CL) | 2016-05-01 | كتاب | Dewey Decimal Classification | 2 | 2016-03-08 | |||
| 2013-10-26 | 615.82 ESJ | 2013-10-26 | مكتبة مجمع الكليات بالزلفى - طلاب (SZM) | 00401892 | مكتبة مجمع الكليات بالزلفى - طلاب (SZM) | 2013-10-26 | كتاب | Dewey Decimal Classification | |||||
| 2013-10-26 | 615.82 ESJ | 2013-10-26 | مكتبة مجمع الكليات بالزلفى - طلاب (SZM) | 00401893 | مكتبة مجمع الكليات بالزلفى - طلاب (SZM) | 2013-10-26 | كتاب | Dewey Decimal Classification | |||||
| 2013-10-26 | 615.82 ESJ | 2013-10-26 | مكتبة مجمع الكليات بالزلفى - طلاب (SZM) | 00401894 | مكتبة مجمع الكليات بالزلفى - طلاب (SZM) | 2013-10-26 | كتاب | Dewey Decimal Classification |
